Maths #2 Addition - Statistics

General Stats
  • This quiz has been taken 155 times
  • The average score is 15 of 16
Answer Stats
Question Answer % Correct
99+ 203 302
99%
123+450 573
97%
23+555 578
97%
66+66 132
96%
90+47 137
96%
21+15 36
96%
82+36 118
95%
69+69 138
95%
61+78 139
95%
437+84 521
95%
74+19 93
95%
999+111 1110
93%
93+55 148
93%
223+82 305
93%
83+830 913
92%
444+868 1312
84%
No matching quizzes found
Score Distribution
Percent of People with Each Score
Percentile by Number Answered
Your Score History
You have not taken this quiz